Header

Géneros y deseos en el siglo XXI / (Registro nro. 54020)

Detalles MARC
000 -LEADER
campo de control de longitud fija 02341nam a2200313 a 4500
001 - NÚMERO DE CONTROL
campo de control 54020
003 - IDENTIFICADOR DE NÚMERO DE CONTROL
campo de control AR-BaAGN
005 - FECHA Y HORA DE LA ÚLTIMA TRANSACCIÓN
campo de control 20240410125425.0
007 - CAMPO FIJO DE DESCRIPCIÓN FÍSICA--INFORMACIÓN GENERAL
campo de control de longitud fija ta
008 - DATOS DE LONGITUD FIJA--INFORMACIÓN GENERAL
campo de control de longitud fija s ag |||||r|||| ||| ||spa d
020 ## - NÚMERO INTERNACIONAL ESTÁNDAR DEL LIBRO
Número Internacional Estándar del Libro 978-950-12-0525-1
040 ## - FUENTE DE CATALOGACIÓN
Centro catalogador/agencia de origen AR-BaAGN
Lengua de catalogación español
Normas de descripción aacr
942 ## - ELEMENTOS DE ENTRADA SECUNDARIOS (KOHA)
Tipo de ítem Koha Libro
Suprimir en OPAC No
100 1# - ENTRADA PRINCIPAL--NOMBRE DE PERSONA
Nombre de persona Meler, Irene
ID autoridades 7909
Término indicativo de función/relación autor
245 10 - MENCIÓN DEL TÍTULO
Título Géneros y deseos en el siglo XXI /
Mención de responsabilidad, etc. Irene Meler.
250 ## - MENCION DE EDICION
Mención de edición 1a ed.
260 ## - PUBLICACIÓN, DISTRIBUCIÓN, ETC.
Lugar de publicación, distribución, etc. C.A.B.A. :
Nombre del editor, distribuidor, etc. Paidós,
Fecha de publicación, distribución, etc. 2023.
300 ## - DESCRIPCIÓN FÍSICA
Extensión 384 páginas ;
Dimensiones 22 cm.
336 ## - TIPO DE CONTENIDO
Código de tipo de contenido texto
Fuente rdacontent
337 ## - TIPO DE MEDIO
Código del tipo de medio no mediado
Fuente rdamedia
338 ## - TIPO DE SOPORTE
Código del tipo de soporte volumen
Fuente rdacarrier
500 ## - NOTA GENERAL
Nota general Incluye notas y referencias bibliográficas a pie de página.
500 ## - NOTA GENERAL
Nota general Incluye referencias bibliográficas al final de cada capítulo.
505 00 - NOTA DE CONTENIDO CON FORMATO
Título Parte 1. Enfoques teóricos -- Parte 2. Subjetividades y sexualidades en el campo social contemporáneo -- Parte 3. Relaciones de género.
520 3# - RESUMEN, ETC.
Sumario, etc. Este libro expresa el interés en comprender el mundo de hoy, analizado desde una perspectiva que pone en diálogo las teorías psicoanalíticas con los estudios interdisciplinarios de género. El campo social se encuentra en ebullición: mientras algunos sectores juveniles tienden a difuminar las fronteras del género y del deseo asumiendo identidades fluidas, en otros casos las identidades sexuadas se exacerban. El sistema de géneros avanza hacia la paridad. Nuevas generaciones de mujeres desarrollan una mayor autonomía, no organizan su proyecto vital en torno de la dependencia de un varón y privilegian sus proyectos personales en vez de los vínculos amorosos y familiares. La crisis actual de la masculinidad se relaciona con una paradoja contemporánea: las relaciones sociales jerárquicas perdieron legitimidad, pero al mismo tiempo se intensifican, ya que la desigualdad socioeconómica es la mayor jamás registrada. Las organizaciones familiares se encuentran atravesadas por cambios profundos y la institución matrimonial está en crisis. Surgen nuevas formas de amor y de asociación contra el desamparo. En estas páginas, la reconocida autora Irene Meler reflexiona sobre estos temas en busca de respuestas y, por qué no, también de más preguntas. (Descripción del editor).
650 #4 - PUNTO DE ACCESO ADICIONAL DE MATERIA--TÉRMINO DE MATERIA
Término de materia o nombre geográfico como elemento de entrada PSICOANÁLISIS
ID autoridades 1941
650 #4 - PUNTO DE ACCESO ADICIONAL DE MATERIA--TÉRMINO DE MATERIA
Término de materia o nombre geográfico como elemento de entrada IDENTIDAD DE GÉNERO
ID autoridades 4634
650 #4 - PUNTO DE ACCESO ADICIONAL DE MATERIA--TÉRMINO DE MATERIA
Término de materia o nombre geográfico como elemento de entrada ESTUDIO DE GÉNERO
ID autoridades 85
Existencias
Estado de retiro Estado de pérdida Fuente del sistema de clasificación o colocación Estado de conservación Biblioteca actual Ubicación en estantería Signatura topográfica completa Código de barras Tipo de ítem Koha
    Clasificación Decimal Dewey   Biblioteca del Archivo General de la Nación AGN - Biblioteca AGN-21886 559 Libro

Contacto

Dirección: Av. Leandro Alem 246, 3er piso (CABA).
Código postal: C1003AAP
Teléfono: 2206-0013
Correo electrónico: comunicacionagn@mininterior.gob.ar
Sitio Web: www.argentina.gob.ar/interior/archivo-general-de-la-nacion

AGN en las redes sociales

Facebook  /  Twitter  /  Instagram